[Event "SR Extraliga 2016/2017"]
[Site "?"]
[Date "2017.01.14"]
[Round "5.2"]
[White "Rohacek, Miroslav"]
[Black "Vetoshko, Volodymyr"]
[Result "0-1"]
[WhiteElo "2305"]
[BlackElo "2497"]
[PlyCount "62"]
[EventDate "2016.??.??"]

1. d4 Nf6 2. Nf3 c5 3. c4 e6 4. a3 cxd4 5. Nxd4 Qc7 6. Nc3 Nc6 7. e3 a6 8. Be2
g6 9. O-O Bg7 10. b4 h5 11. f4 Ng4 12. h3 Nxd4 13. exd4 Qd6 14. Nd5 Nh6 15. Ne3
Qxd4 16. Ra2 Nf5 17. Qb3 Qa7 18. Kh2 Nd4 19. Qd3 d6 20. Rd2 O-O 21. Bb2 e5 22.
Nd5 b6 23. Bxd4 exd4 24. f5 Bxf5 25. Rxf5 gxf5 26. Qxf5 Rfe8 27. Bxh5 Re5 28.
Qf3 Rg5 29. Ne7+ Qxe7 30. Qxa8+ Kh7 31. Bg4 Rxg4 0-1

[Event "SR Extraliga 2016/2017"]
[Site "?"]
[Date "2017.01.14"]
[Round "5.3"]
[White "Nayhebaver, Martin"]
[Black "Jablonicky, Martin"]
[Result "1-0"]
[WhiteElo "2437"]
[BlackElo "2261"]
[PlyCount "87"]
[EventDate "2016.??.??"]

1. e4 d6 2. d4 Nf6 3. Nc3 g6 4. f4 Bg7 5. Nf3 c5 6. dxc5 Qa5 7. Bd3 Qxc5 8. Qe2
O-O 9. Be3 Qb4 10. O-O Qxb2 11. Nb5 Ne8 12. e5 Qb4 13. Nxa7 Nc6 14. Rab1 Qa5
15. Nxc8 Rxc8 16. Bd2 Qa7+ 17. Kh1 dxe5 18. fxe5 Nc7 19. Bc4 Rcd8 20. Be3 Qb8
21. Bb6 Qc8 22. a4 Rd7 23. Qe4 Ne6 24. Bb5 Nc7 25. Bxc6 bxc6 26. c4 Ne6 27. a5
c5 28. Rfd1 Qe8 29. Rd5 Qa8 30. Rbd1 Nc7 31. Bxc7 Rxc7 32. Qe1 Qa6 33. Qc3 Ra8
34. Rd8+ Bf8 35. Rxa8 Qxa8 36. Rb1 Qe4 37. Nd2 Qf5 38. Rf1 Qe6 39. Re1 Qc6 40.
Nb3 e6 41. Nd2 Rd7 42. Ne4 Be7 43. Qf3 Qa4 44. Rf1 1-0

[Event "SR Extraliga 2016/2017"]
[Site "?"]
[Date "2017.01.14"]
[Round "5.4"]
[White "Karas, Marek"]
[Black "Najgebauer, Szemjon"]
[Result "1/2-1/2"]
[WhiteElo "2245"]
[BlackElo "2240"]
[PlyCount "164"]
[EventDate "2016.??.??"]

1. d4 Nf6 2. Bf4 g6 3. Nc3 d5 4. e3 Bg7 5. h4 c5 6. Nb5 Na6 7. c3 O-O 8. a4
cxd4 9. exd4 Re8 10. Be2 Bd7 11. h5 Bxb5 12. axb5 Nc7 13. hxg6 hxg6 14. Nf3 Ne6
15. Be5 Nd7 16. Bg3 Nf6 17. Ne5 Ng5 18. Qc1 Ne6 19. Qe3 Ne4 20. Bh2 Nd6 21. Bd3
Nf8 22. Ng4 Nd7 23. Qh3 Nf6 24. Be5 Qc8 25. f3 Nc4 26. Ra2 Nxe5 27. Nxe5 Qxh3
28. Rxh3 Nh5 29. g3 Nf6 30. Kf2 Red8 31. f4 Nd7 32. Nf3 Rdb8 33. Rh1 b6 34.
Rha1 Rb7 35. Ne1 e6 36. Ke3 Bf8 37. Be2 Bd6 38. Bf3 Rc7 39. Ra4 Nf6 40. Nd3 Kg7
41. Ra6 Nd7 42. R6a4 g5 43. c4 gxf4+ 44. gxf4 Nf6 45. b3 Rac8 46. Ne5 Ng8 47.
Be2 Ne7 48. Bd3 f6 49. Rg1+ Kf8 50. Ng4 dxc4 51. bxc4 Nf5+ 52. Bxf5 exf5 53.
Nxf6 Rxc4 54. Nh7+ Kf7 55. Rxa7+ R8c7 56. Ng5+ Kf6 57. Rxc7 Rxc7 58. Rh1 Rc3+
59. Kd2 Rb3 60. Rh6+ Ke7 61. Rh7+ Ke8 62. Ne6 Rxb5 63. Kc3 Rb1 64. Kc4 Rf1 65.
Rb7 Bxf4 66. Ng7+ Kd8 67. Kd5 Bh2 68. Ne6+ Ke8 69. Rh7 Bg3 70. Rg7 Bh2 71. Rg2
Bf4 72. Ng7+ Kf7 73. Nxf5 Kf6 74. Ng7 Be3 75. Nh5+ Kf7 76. Ke4 Re1 77. Rg7+ Kf8
78. Rb7 Bg1+ 79. Kd5 Rd1 80. Ke6 Re1+ 81. Kd5 Rd1 82. Nf6 Bxd4 1/2-1/2

[Event "SR Extraliga 2016/2017"]
[Site "?"]
[Date "2017.01.14"]
[Round "5.5"]
[White "Lembak, Jurij"]
[Black "Sahidi, Samir"]
[Result "0-1"]
[WhiteElo "2229"]
[BlackElo "2262"]
[PlyCount "118"]
[EventDate "2016.??.??"]

1. Nf3 Nf6 2. d4 g6 3. Bg5 Bg7 4. Nbd2 d5 5. e3 h6 6. Bh4 O-O 7. Be2 Bg4 8. h3
Bxf3 9. Bxf3 c6 10. O-O Nbd7 11. c4 e6 12. cxd5 cxd5 13. Qb3 Qb6 14. Rfc1 Rfc8
15. Bg3 Bf8 16. a3 Be7 17. Be2 Ne4 18. Qxb6 Nxb6 19. Nxe4 dxe4 20. a4 a6 21. b3
Bb4 22. Bc4 Nd5 23. Rc2 Rc6 24. Bxd5 exd5 25. Rxc6 bxc6 26. Rc1 Rc8 27. Rc2 f5
28. f3 exf3 29. gxf3 Kf7 30. Kf1 Ke6 31. Ke2 g5 32. Kd3 Kd7 33. Be5 h5 34. Bf6
Rg8 35. Rg2 Be7 36. Be5 g4 37. fxg4 fxg4 38. hxg4 Rxg4 39. Rf2 Ke8 40. Rf3 Rg6
41. e4 dxe4+ 42. Kxe4 Kd7 43. Rf7 Ke6 44. Rh7 Rg4+ 45. Kf3 Rh4 46. Rh6+ Kd5 47.
Rh7 Bb4 48. Rd7+ Ke6 49. Rh7 Rh3+ 50. Ke4 Bd2 51. Bf4 Rh4 52. Rh6+ Kd7 53. d5
Rxf4+ 54. Kd3 Rd4+ 55. Kxd4 Bxh6 56. dxc6+ Kxc6 57. b4 Kb6 58. Ke4 Bf8 59. b5
a5 0-1

[Event "SR Extraliga 2016/2017"]
[Site "?"]
[Date "2017.01.14"]
[Round "5.6"]
[White "Jozefek, Michal"]
[Black "Tauber, Marek"]
[Result "1-0"]
[WhiteElo "2185"]
[BlackElo "2141"]
[PlyCount "81"]
[EventDate "2016.??.??"]

1. d4 Nf6 2. c4 g6 3. Nc3 d5 4. cxd5 Nxd5 5. e4 Nxc3 6. bxc3 Bg7 7. Bc4 c5 8.
Ne2 O-O 9. Be3 Nc6 10. Rc1 Bg4 11. f3 Bd7 12. O-O Qc7 13. Qd2 Rad8 14. Rfd1 Na5
15. Bd3 Ba4 16. Re1 Qd7 17. Bh6 Nc6 18. Bxg7 Kxg7 19. d5 Ne5 20. c4 Kg8 21. Nc3
a6 22. f4 Nxd3 23. Qxd3 Rb8 24. Qe3 Rfc8 25. Rb1 b5 26. Nxa4 bxa4 27. Rxb8 Rxb8
28. Qxc5 Rb2 29. Qa3 Rc2 30. Rc1 Re2 31. Qf3 Rxa2 32. c5 Rb2 33. c6 Qc7 34. e5
Qb6+ 35. Kf1 Qb5+ 36. Kg1 Qb6+ 37. Kh1 Qc5 38. Qd1 Qf2 39. Qg1 Qxg1+ 40. Kxg1
Rb8 41. d6 1-0

[Event "SR Extraliga 2016/2017"]
[Site "?"]
[Date "2017.01.14"]
[Round "5.7"]
[White "Pejko, Otomar"]
[Black "Bury, Rastislav"]
[Result "1-0"]
[WhiteElo "2108"]
[BlackElo "2156"]
[PlyCount "47"]
[EventDate "2016.??.??"]

1. e4 c5 2. c3 d5 3. exd5 Qxd5 4. d4 g6 5. dxc5 Qxc5 6. Na3 Bg7 7. Qb3 Nf6 8.
Be3 Qd5 9. Bc4 Qxg2 10. Bxf7+ Kf8 11. O-O-O Nc6 12. Ne2 Bf5 13. Rhg1 Qxh2 14.
Nf4 Qh4 15. Be6 Be4 16. Bh3 Na5 17. Qb5 Bh6 18. Ne6+ Kf7 19. Bxh6 Qxh6+ 20.
Ng5+ Kg7 21. Qxa5 Qh4 22. Qe5 Rhe8 23. Rg4 Qxf2 24. Rxe4 1-0

[Event "SR Extraliga 2016/2017"]
[Site "?"]
[Date "2017.01.14"]
[Round "5.8"]
[White "Spacek, Oliver"]
[Black "Michel, Norbert"]
[Result "1-0"]
[WhiteElo "2113"]
[BlackElo "2033"]
[PlyCount "75"]
[EventDate "2016.??.??"]

1. d4 Nf6 2. Nf3 g6 3. g3 c5 4. c3 Qc7 5. Bg2 Bg7 6. O-O O-O 7. d5 d6 8. Re1
Nbd7 9. a4 b6 10. Na3 a6 11. e4 Rb8 12. Qe2 Ne5 13. Nd2 Bb7 14. f4 Ned7 15. g4
e6 16. g5 Nh5 17. Nf1 exd5 18. exd5 Rbe8 19. Qxe8 Rxe8 20. Rxe8+ Nf8 21. Nc4
Qd7 22. Re1 Qd8 23. Ng3 Nxg3 24. hxg3 f6 25. Bd2 fxg5 26. fxg5 Bc8 27. Bf4 b5
28. axb5 axb5 29. Nxd6 Bd7 30. Ra7 b4 31. Ne4 bxc3 32. bxc3 Bf5 33. d6 Bxe4 34.
Bxe4 Bxc3 35. Bd5+ Kh8 36. Ree7 Bd4+ 37. Kg2 c4 38. Ra8 1-0

[Event "SR Extraliga 2016/2017"]
[Site "?"]
[Date "2017.01.14"]
[Round "5.1"]
[White "Navara, David"]
[Black "Cernousek, Lukas"]
[Result "1-0"]
[WhiteElo "2735"]
[BlackElo "2461"]
[PlyCount "59"]
[EventDate "2016.??.??"]

1. d4 Nf6 2. c4 g6 3. Nc3 d5 4. cxd5 Nxd5 5. e4 Nxc3 6. bxc3 Bg7 7. Qa4+ Nd7 8.
Nf3 c5 9. Be2 O-O 10. O-O cxd4 11. cxd4 Nc5 12. dxc5 Bxa1 13. e5 Bc3 14. Bh6
Qc7 15. Bxf8 Kxf8 16. Qf4 Be6 17. Qe3 Bb4 18. Qh6+ Kg8 19. Ng5 Qxe5 20. Qxh7+
Kf8 21. Nxe6+ fxe6 22. Qxg6 Bxc5 23. Qh6+ Ke8 24. Re1 Qf5 25. Qh8+ Kd7 26. Rd1+
Kc7 27. Qxa8 Qxf2+ 28. Kh1 Qxe2 29. Qd8+ Kc6 30. Qc8+ {Kd5} 1-0

[Event "SR Extraliga 2016/2017"]
[Site "?"]
[Date "2017.01.14"]
[Round "5.2"]
[White "Zpevak, Pavel"]
[Black "Babula, Vlastimil"]
[Result "1/2-1/2"]
[WhiteElo "2348"]
[BlackElo "2550"]
[PlyCount "49"]
[EventDate "2016.??.??"]

1. d4 Nf6 2. c4 e6 3. Nf3 b6 4. Nc3 Bb7 5. Bg5 Be7 6. e3 c5 7. Bd3 cxd4 8. exd4
O-O 9. O-O h6 10. Bh4 Bxf3 11. Qxf3 Nc6 12. Ne2 d5 13. Bxf6 Bxf6 14. cxd5 exd5
15. Rad1 Qd6 16. Bc2 Rfe8 17. Qd3 g6 18. Bb1 Re7 19. Qd2 Rae8 20. Bd3 Bxd4 21.
Nxd4 Nxd4 22. Qxh6 Ne2+ 23. Kh1 Nf4 24. Bb5 Rc8 25. g3 1/2-1/2

[Event "SR Extraliga 2016/2017"]
[Site "?"]
[Date "2017.01.14"]
[Round "5.3"]
[White "Mrva, Martin"]
[Black "Motuz, Karol"]
[Result "0-1"]
[WhiteElo "2401"]
[BlackElo "2376"]
[PlyCount "104"]
[EventDate "2016.??.??"]

1. e4 e5 2. Nf3 Nc6 3. Bb5 a6 4. Ba4 Nf6 5. Nc3 b5 6. Bb3 Be7 7. a4 b4 8. Nd5
O-O 9. d4 exd4 10. e5 Ng4 11. O-O Ngxe5 12. Nxe5 Nxe5 13. Qxd4 Nc6 14. Qe4 Bd6
15. Re1 Bb7 16. Qg4 Kh8 17. Bg5 f6 18. Nf4 Bxf4 19. Bxf4 d6 20. Re3 Ne5 21. Qe2
Qd7 22. Bg3 Qc6 23. f3 a5 24. Rd1 Ba6 25. Qe1 Bc4 26. Bf2 Rfe8 27. Rd2 Bxb3 28.
cxb3 Ng6 29. Rde2 Rxe3 30. Rxe3 Kg8 31. Re4 d5 32. Re2 Nf4 33. Re7 Nd3 34. Qe3
Nxf2 35. Kxf2 Rd8 36. Qe6+ Qxe6 37. Rxe6 Rd6 38. Re2 Rc6 39. Rd2 Kf7 40. Rxd5
Rc2+ 41. Kg3 c5 42. Rd7+ Ke6 43. Rxg7 Rxb2 44. Rxh7 Rxb3 45. h4 Rb1 46. h5 Rh1
47. Kf4 b3 48. Rb7 c4 49. Rb6+ Kd5 50. g4 Kd4 51. Kg3 c3 52. Kg2 c2 0-1

[Event "SR Extraliga 2016/2017"]
[Site "?"]
[Date "2017.01.14"]
[Round "5.4"]
[White "Vojtek, Vladimir"]
[Black "Gazik, Viktor"]
[Result "1-0"]
[WhiteElo "2225"]
[BlackElo "2408"]
[PlyCount "99"]
[EventDate "2016.??.??"]

1. e4 g6 2. d4 Bg7 3. Nc3 c5 4. dxc5 Bxc3+ 5. bxc3 Qa5 6. Qd4 Nf6 7. Qb4 Nc6 8.
Qxa5 Nxa5 9. Bd3 b6 10. cxb6 axb6 11. Be3 Bb7 12. f3 d5 13. e5 Nd7 14. Bd4 e6
15. Ne2 Ke7 16. h4 Nc4 17. Bxc4 dxc4 18. Kf2 Ra5 19. Rhb1 b5 20. Rb2 Bc6 21. g4
h6 22. Kg3 g5 23. f4 gxh4+ 24. Kxh4 Rg8 25. Rf1 Raa8 26. Ng3 Rg6 27. Nh5 Rag8
28. Nf6 Nxf6 29. exf6+ Kd7 30. Rg1 Rb8 31. a4 Rgg8 32. axb5 Bxb5 33. Be5 Rb7
34. Rd1+ Kc6 35. Rd6+ Kc5 36. Rd4 Ra8 37. Rd1 Kc6 38. Rd6+ Kc5 39. Rd1 Kc6 40.
Kg3 Rba7 41. Rdb1 Ra5 42. Bd4 Rh8 43. Rh1 Ba6 44. Rb6+ Kc7 45. Rhb1 Bc8 46.
Be5+ Kd7 47. Rd6+ Ke8 48. Rb8 Rc5 49. Bd4 Rc7 50. Bb6 1-0

[Event "SR Extraliga 2016/2017"]
[Site "?"]
[Date "2017.01.14"]
[Round "5.5"]
[White "Pinter, Erik"]
[Black "Zvarik, Martin"]
[Result "0-1"]
[WhiteElo "2386"]
[BlackElo "2268"]
[PlyCount "94"]
[EventDate "2016.??.??"]

1. e4 e5 2. Nf3 Nc6 3. Bb5 a6 4. Ba4 Nf6 5. O-O Be7 6. Re1 b5 7. Bb3 O-O 8. a4
Bb7 9. d3 d6 10. Nbd2 Nd7 11. c3 Nc5 12. Bc2 Nxa4 13. Bxa4 bxa4 14. d4 exd4 15.
cxd4 d5 16. e5 Qd7 17. Qxa4 Rfb8 18. Nb3 Bc8 19. Bd2 Nd8 20. Qa2 Qb5 21. Nc5
Bxc5 22. dxc5 Qxb2 23. Qxd5 Bb7 24. Qd7 Bc6 25. Qe7 h6 26. e6 Nxe6 27. Ne5 Be8
28. Ba5 Qd4 29. Nf3 Qd8 30. Rxe6 fxe6 31. Qxe6+ Bf7 32. Qe5 Qd5 33. Bxc7 Rb5
34. Bd6 Qxe5 35. Nxe5 Ba2 36. f3 Rb1+ 37. Rxb1 Bxb1 38. g4 Ba2 39. Kf2 a5 40.
c6 a4 41. f4 a3 42. c7 Be6 43. Nc6 a2 44. Be5 Bd7 45. Ne7+ Kf7 46. Nf5 Bxf5 47.
gxf5 Rc8 0-1

[Event "SR Extraliga 2016/2017"]
[Site "?"]
[Date "2017.01.14"]
[Round "5.6"]
[White "Veres, Andrej"]
[Black "Krak, Tomas"]
[Result "1-0"]
[WhiteElo "2187"]
[BlackElo "2311"]
[PlyCount "81"]
[EventDate "2016.??.??"]

1. e4 c5 2. Nf3 Nc6 3. d4 cxd4 4. Nxd4 Nf6 5. Nc3 d6 6. Be2 g6 7. Be3 Bg7 8. f3
O-O 9. O-O d5 10. Nxc6 bxc6 11. e5 Ne8 12. f4 f6 13. exf6 Nxf6 14. Bf3 Bf5 15.
Bd4 Rb8 16. Na4 Qa5 17. b3 Bh6 18. g4 Be4 19. g5 Bxf3 20. Qxf3 Nh5 21. gxh6 Qd2
22. Be5 Rb4 23. Rf2 Rbxf4 24. Qxf4 Qxf4 25. Bxf4 Nxf4 26. Raf1 g5 27. Nb2 e5
28. Nd3 Nh3+ 29. Kg2 Nxf2 30. Rxf2 Re8 31. Rf5 e4 32. Rxg5+ Kf7 33. Nb4 Kf6 34.
Rg7 Rc8 35. Rxh7 d4 36. Rxa7 c5 37. Nd5+ Ke5 38. Ne7 Re8 39. h7 d3 40. cxd3
exd3 41. Ng8 1-0

[Event "SR Extraliga 2016/2017"]
[Site "?"]
[Date "2017.01.14"]
[Round "5.7"]
[White "Gazik, Igor"]
[Black "Kovacik, Emil"]
[Result "1-0"]
[WhiteElo "2299"]
[BlackElo "2129"]
[PlyCount "47"]
[EventDate "2016.??.??"]

1. e4 e6 2. d3 c5 3. g3 Nc6 4. Bg2 g6 5. Nc3 Bg7 6. Be3 d6 7. Qd2 Nge7 8. Bh6
Bxh6 9. Qxh6 Nd4 10. O-O-O Ng8 11. Qe3 Ne7 12. f4 e5 13. Nf3 Bg4 14. Rdf1 Bxf3
15. Bxf3 O-O 16. h4 b5 17. h5 b4 18. Ne2 Rb8 19. f5 Nexf5 20. exf5 Nxf5 21. Qd2
Qa5 22. Bd5 c4 23. Bxc4 d5 24. Bb3 1-0

[Event "SR Extraliga 2016/2017"]
[Site "?"]
[Date "2017.01.14"]
[Round "5.8"]
[White "Bombek, Peter"]
[Black "Pcola, Jaroslav"]
[Result "1/2-1/2"]
[WhiteElo "2207"]
[BlackElo "2073"]
[PlyCount "91"]
[EventDate "2016.??.??"]

1. Nf3 c5 2. e3 g6 3. d4 Bg7 4. Be2 Nf6 5. c4 O-O 6. Nc3 cxd4 7. exd4 d5 8.
cxd5 Nxd5 9. Qb3 Nb6 10. O-O Be6 11. Qa3 Nc6 12. Be3 Nd5 13. Rad1 Ncb4 14. Nxd5
Nxd5 15. Ng5 Bd7 16. Bf3 Bc6 17. Rfe1 e6 18. Ne4 Nxe3 19. fxe3 Bxe4 20. Bxe4
Qb6 21. Rd3 Qc7 22. Rb3 Rfb8 23. Qb4 a5 24. Qb6 Qxb6 25. Rxb6 Ra6 26. Rb5 f5
27. Bf3 Rd6 28. Rc1 b6 29. g3 Bf6 30. Kf2 Bd8 31. Ke2 Kf8 32. Rc4 Ke7 33. e4
fxe4 34. Bxe4 Kd7 35. h4 Rc8 36. Rxc8 Kxc8 37. d5 Kd7 38. Kf3 exd5 39. Bxd5 h5
40. Be4 Rf6+ 41. Kg2 Re6 42. Rd5+ Ke8 43. Bd3 Be7 44. Bb5+ Kf8 45. Bc4 Rd6 46.
Rxd6 1/2-1/2

[Event "SR Extraliga 2016/2017"]
[Site "?"]
[Date "2017.01.14"]
[Round "5.1"]
[White "Miton, Kamil"]
[Black "Oleksiyenko, Mykhaylo"]
[Result "1/2-1/2"]
[WhiteElo "2612"]
[BlackElo "2638"]
[PlyCount "68"]
[EventDate "2016.??.??"]

1. d4 d5 2. c4 c6 3. Nc3 Nf6 4. Nf3 dxc4 5. a4 Bf5 6. Ne5 Nbd7 7. Nxc4 Nb6 8.
Ne5 a5 9. e3 g6 10. Bd3 Bxd3 11. Nxd3 Bg7 12. O-O O-O 13. Qb3 Nfd7 14. Rd1 Qc7
15. Bd2 Nc8 16. Rac1 Qb6 17. Qxb6 Ncxb6 18. b3 f5 19. Ne2 Ra6 20. f3 Re8 21. e4
fxe4 22. fxe4 e5 23. dxe5 Nxe5 24. Nxe5 Bxe5 25. Be3 Bg7 26. Bc5 Bf8 27. Bxf8
Kxf8 28. Rd4 Raa8 29. Nf4 Re7 30. Nd3 Nd7 31. b4 axb4 32. Rxb4 Ra7 33. Kf2 Ne5
34. Nxe5 Rxe5 1/2-1/2

[Event "SR Extraliga 2016/2017"]
[Site "?"]
[Date "2017.01.14"]
[Round "5.2"]
[White "Erdos, Viktor"]
[Black "Antoniewski, Rafal"]
[Result "1/2-1/2"]
[WhiteElo "2599"]
[BlackElo "2530"]
[PlyCount "43"]
[EventDate "2016.??.??"]

1. d4 d5 2. Nf3 Nf6 3. c4 dxc4 4. e3 e6 5. Bxc4 a6 6. O-O c5 7. dxc5 Qxd1 8.
Rxd1 Bxc5 9. Be2 O-O 10. Ne5 Nbd7 11. Nc4 b5 12. Na5 Ne5 13. Bd2 b4 14. Be1 Bd7
15. Nd2 Bb5 16. Ndc4 Nxc4 17. Bxc4 Bxc4 18. Nxc4 a5 19. Rac1 Nd5 20. Kf1 f5 21.
Ke2 Rfc8 22. Bd2 1/2-1/2

[Event "SR Extraliga 2016/2017"]
[Site "?"]
[Date "2017.01.14"]
[Round "5.3"]
[White "Bulski, Krzysztof"]
[Black "Vajda, Levente"]
[Result "1/2-1/2"]
[WhiteElo "2523"]
[BlackElo "2591"]
[PlyCount "63"]
[EventDate "2016.??.??"]

1. e4 d6 2. d4 Nf6 3. Nc3 g6 4. f4 Bg7 5. Nf3 O-O 6. Be3 c6 7. Bd3 a5 8. h3 a4
9. a3 Nbd7 10. e5 Nd5 11. Nxd5 cxd5 12. O-O dxe5 13. fxe5 f6 14. exf6 exf6 15.
Qd2 Nb6 16. Bh6 Bd7 17. Bxg7 Kxg7 18. Rae1 Nc8 19. Qf4 Qb6 20. Ne5 Qd6 21. Nxd7
Qxd7 22. Qf3 Nb6 23. h4 Nc4 24. Bxc4 dxc4 25. c3 Ra5 26. Rf2 Rf7 27. Rfe2 Rb5
28. Qf2 Rf5 29. Qg3 Rb5 30. Qf2 Rf5 31. Qg3 Rb5 32. Qf2 1/2-1/2

[Event "SR Extraliga 2016/2017"]
[Site "?"]
[Date "2017.01.14"]
[Round "5.4"]
[White "Petenyi, Tamas"]
[Black "Jurcik, Martin"]
[Result "1/2-1/2"]
[WhiteElo "2438"]
[BlackElo "2324"]
[PlyCount "46"]
[EventDate "2016.??.??"]

1. e4 e6 2. d4 d5 3. Nd2 c5 4. exd5 Qxd5 5. dxc5 Qxc5 6. Ngf3 Nf6 7. Bd3 Be7 8.
O-O Nbd7 9. Qe2 Qc7 10. c4 O-O 11. b3 b6 12. Bb2 Bb7 13. Rfe1 Rad8 14. Rad1
Rfe8 15. Ne4 Qf4 16. Neg5 Bb4 17. Rf1 h6 18. Bc1 Qc7 19. Ne4 Be7 20. Nxf6+ Bxf6
21. Be4 Nc5 22. Bxb7 Qxb7 23. Be3 Qe4 1/2-1/2

[Event "SR Extraliga 2016/2017"]
[Site "?"]
[Date "2017.01.14"]
[Round "5.5"]
[White "Kantorik, Marian"]
[Black "Bokros, Albert"]
[Result "1/2-1/2"]
[WhiteElo "2252"]
[BlackElo "2496"]
[PlyCount "85"]
[EventDate "2016.??.??"]

1. d4 e6 2. c4 b6 3. Nc3 Bb7 4. Nf3 f5 5. g3 Bb4 6. Bg2 Nf6 7. O-O O-O 8. Qc2
Bxc3 9. Qxc3 Qe7 10. b3 d6 11. Bb2 Nbd7 12. Rad1 Rae8 13. Bh3 Qf7 14. Bg2 Qh5
15. Qc1 h6 16. Rfe1 a5 17. a3 Be4 18. b4 axb4 19. axb4 b5 20. c5 Nd5 21. cxd6
cxd6 22. Qc6 N7b6 23. Qxb5 f4 24. Nh4 Bxg2 25. Nxg2 Rc8 26. Rc1 fxg3 27. hxg3
Qf5 28. f3 Qg5 29. e4 Nf4 30. Qxg5 Nh3+ 31. Kh1 Nxg5 32. f4 Nf3 33. Rxc8 Rxc8
34. Rc1 Rxc1+ 35. Bxc1 Nxd4 36. Be3 e5 37. Bxd4 exd4 38. Kg1 Nc4 39. b5 Kf7 40.
Kf2 d3 41. b6 Nxb6 42. Ke3 g5 43. Kxd3 1/2-1/2

[Event "SR Extraliga 2016/2017"]
[Site "?"]
[Date "2017.01.14"]
[Round "5.6"]
[White "Meszaros, Michal"]
[Black "Haring, Viktor"]
[Result "1/2-1/2"]
[WhiteElo "2371"]
[BlackElo "2237"]
[PlyCount "45"]
[EventDate "2016.??.??"]

1. d4 Nf6 2. c4 e6 3. g3 Bb4+ 4. Bd2 c5 5. Bxb4 cxb4 6. Bg2 O-O 7. e4 d6 8. Ne2
Nc6 9. a3 bxa3 10. Rxa3 e5 11. d5 Nb4 12. Qd2 a5 13. O-O Bd7 14. Nec3 Na6 15.
Ra2 Nc5 16. Qc2 Ne8 17. Nd2 Nc7 18. Rfa1 a4 19. b4 axb3 20. Nxb3 Rxa2 21. Qxa2
N7a6 22. Nxc5 Nxc5 23. Qb1 1/2-1/2

[Event "SR Extraliga 2016/2017"]
[Site "?"]
[Date "2017.01.14"]
[Round "5.7"]
[White "Haring, Filip"]
[Black "Rachela, Milan"]
[Result "1-0"]
[WhiteElo "2200"]
[BlackElo "2334"]
[PlyCount "69"]
[EventDate "2016.??.??"]

1. e4 e5 2. Nf3 Nc6 3. d4 exd4 4. Nxd4 Bc5 5. Nb3 Bb4+ 6. Bd2 Qe7 7. Bd3 d5 8.
O-O dxe4 9. Bxe4 Nf6 10. Bxc6+ bxc6 11. Re1 Be6 12. f4 g6 13. c3 Bd6 14. Nd4
Bc5 15. Be3 Nd5 16. Bf2 O-O 17. Nd2 Qd7 18. Ne4 Be7 19. Qf3 Bg4 20. Qg3 Rfe8
21. h3 Bf5 22. Qf3 Bf8 23. Nxf5 gxf5 24. Qg3+ Bg7 25. Bd4 f6 26. Nxf6+ Nxf6 27.
Bxf6 Qf7 28. Bxg7 Qxg7 29. Qd3 Qf7 30. b3 Qd5 31. Qg3+ Kh8 32. Rad1 Qc5+ 33.
Kh2 Re4 34. Rd7 Rg8 35. Qh4 1-0

[Event "SR Extraliga 2016/2017"]
[Site "?"]
[Date "2017.01.14"]
[Round "5.8"]
[White "Csonka, Attila Istvan"]
[Black "Lisko, Frantisek"]
[Result "1/2-1/2"]
[WhiteElo "2330"]
[BlackElo "2230"]
[PlyCount "82"]
[EventDate "2016.??.??"]

1. e4 c6 2. d4 d5 3. Nc3 dxe4 4. Nxe4 Bf5 5. Ng3 Bg6 6. h4 h6 7. Nh3 e6 8. Nf4
Bh7 9. Bc4 Nf6 10. c3 Nbd7 11. Ngh5 Qe7 12. Be3 Rd8 13. Qe2 Nb6 14. Bb3 Nfd5
15. Qg4 Rg8 16. O-O-O a5 17. Bxd5 cxd5 18. Nd3 Nc4 19. Qe2 Qd7 20. Bxh6 Qb5 21.
Bg5 Rc8 22. Nhf4 Rc6 23. Ne5 Ba3 24. Nxc4 Rxc4 25. Rh3 Bd6 26. Rd2 Kd7 27. Qe3
Rxc3+ 28. Qxc3 Rc8 29. Qxc8+ Kxc8 30. Rc3+ Kb8 31. Nd3 Bb4 32. Nxb4 axb4 33.
Bf4+ Ka7 34. Rc5 Qf1+ 35. Rd1 Qxf2 36. g3 e5 37. Bxe5 Qe3+ 38. Rd2 Qe1+ 39. Rd1
Qe3+ 40. Rd2 Qe1+ 41. Rd1 Qe3+ 1/2-1/2

[Event "SR Extraliga 2016/2017"]
[Site "?"]
[Date "2017.01.14"]
[Round "5.1"]
[White "Mazur, Stefan"]
[Black "Banusz, Tamas"]
[Result "1-0"]
[WhiteElo "2468"]
[BlackElo "2620"]
[PlyCount "87"]
[EventDate "2016.??.??"]

1. e4 e5 2. Nf3 Nc6 3. Bb5 a6 4. Ba4 Nf6 5. O-O Be7 6. Re1 b5 7. Bb3 d6 8. c3
O-O 9. h3 Na5 10. Bc2 c5 11. d4 Nd7 12. Nbd2 exd4 13. cxd4 Re8 14. b4 cxb4 15.
Nf1 Nc4 16. Ng3 Nf8 17. Rb1 a5 18. Bd3 d5 19. e5 g6 20. Nh2 Bg5 21. Ng4 Bxg4
22. Qxg4 Bxc1 23. Rbxc1 Kh8 24. f4 Qb6 25. Kh2 Qxd4 26. Bxc4 bxc4 27. Rcd1 Qb6
28. f5 Rad8 29. Qh4 gxf5 30. Nxf5 Ng6 31. Qh6 Rg8 32. Ne7 Qe6 33. Nxg8 Rxg8 34.
Qg5 Rc8 35. Rd2 c3 36. Rf2 d4 37. Rf6 Qd5 38. Rd6 Qc5 39. Qf6+ Kg8 40. Rd7 Qf8
41. e6 fxe6 42. Qxe6+ Kh8 43. Rf7 Qd8 44. Re5 1-0

[Event "SR Extraliga 2016/2017"]
[Site "?"]
[Date "2017.01.14"]
[Round "5.2"]
[White "Papp, Gabor"]
[Black "Caletka, Radomir"]
[Result "1-0"]
[WhiteElo "2583"]
[BlackElo "2372"]
[PlyCount "67"]
[EventDate "2016.??.??"]

1. e4 c6 2. d4 d5 3. Nc3 dxe4 4. Nxe4 Nd7 5. Bd3 Ngf6 6. Ng5 e6 7. Qe2 Bd6 8.
N1f3 h6 9. Ne4 Nxe4 10. Qxe4 Qc7 11. Qg4 Kf8 12. O-O b6 13. b3 Bb7 14. Bb2 Nf6
15. Qh3 Nd5 16. g3 c5 17. dxc5 Bxc5 18. Ne5 Rd8 19. Rae1 Nf6 20. Qh4 Ba8 21.
Ng6+ fxg6 22. Bxf6 gxf6 23. Rxe6 Bd4 24. Rxf6+ Bxf6 25. Qxf6+ Kg8 26. Re1 Qd6
27. Re8+ Rxe8 28. Qxd6 Re1+ 29. Bf1 Kf7 30. Qd7+ Kf8 31. Qd8+ Kg7 32. Qc7+ Kg8
33. Qb8+ Kg7 34. Qxa7+ 1-0

[Event "SR Extraliga 2016/2017"]
[Site "?"]
[Date "2017.01.14"]
[Round "5.3"]
[White "Rojicek, Vojtech"]
[Black "Ftacnik, Lubomir"]
[Result "1/2-1/2"]
[WhiteElo "2409"]
[BlackElo "2550"]
[PlyCount "57"]
[EventDate "2016.??.??"]

1. Nf3 Nf6 2. c4 c5 3. Nc3 e6 4. g3 b6 5. Bg2 Bb7 6. O-O Be7 7. Re1 d5 8. cxd5
exd5 9. d4 O-O 10. b3 Ne4 11. Bb2 Bf6 12. Rc1 Na6 13. dxc5 bxc5 14. Ba1 Nxc3
15. Bxc3 d4 16. Bd2 Re8 17. Nh4 Rb8 18. Bxb7 Rxb7 19. Ng2 Be5 20. Nf4 Bxf4 21.
Bxf4 Rbe7 22. Qd3 Nb4 23. Qc4 Qb6 24. Bd2 Nxa2 25. Rc2 Nb4 26. Bxb4 cxb4 27.
Rd1 Re4 28. e3 h6 29. Rxd4 1/2-1/2

[Event "SR Extraliga 2016/2017"]
[Site "?"]
[Date "2017.01.14"]
[Round "5.4"]
[White "Antal, Gergely"]
[Black "Plachetka, Jan"]
[Result "1/2-1/2"]
[WhiteElo "2547"]
[BlackElo "2365"]
[PlyCount "73"]
[EventDate "2016.??.??"]

1. e4 d6 2. d4 Nf6 3. Nc3 e5 4. Nf3 Nbd7 5. g3 Be7 6. Bg2 O-O 7. O-O c6 8. a4
b6 9. b3 Bb7 10. Bb2 a6 11. Re1 Qc7 12. Na2 Rfe8 13. c4 Bf8 14. Nc3 exd4 15.
Nxd4 a5 16. f4 g6 17. Kh1 Rad8 18. Qc2 Bg7 19. Rad1 Nc5 20. Ba3 h5 21. Re2 h4
22. gxh4 Nh5 23. f5 Qe7 24. e5 Qxh4 25. Red2 dxe5 26. Nf3 Rxd2 27. Rxd2 Qg4 28.
Bxc5 bxc5 29. fxg6 f5 30. Qd3 e4 31. Qd7 Qxg6 32. Nh4 Qf7 33. Nxf5 Qxd7 34.
Rxd7 Bxc3 35. Nh6+ Kh8 36. Nf7+ Kg8 37. Nh6+ 1/2-1/2

[Event "SR Extraliga 2016/2017"]
[Site "?"]
[Date "2017.01.14"]
[Round "5.5"]
[White "Cech, Pavel"]
[Black "Pacher, Milan"]
[Result "0-1"]
[WhiteElo "2356"]
[BlackElo "2472"]
[PlyCount "116"]
[EventDate "2016.??.??"]

1. d4 Nf6 2. Bg5 d5 3. e3 c5 4. c3 Nc6 5. Nd2 Qb6 6. Qb3 c4 7. Qxb6 axb6 8. a3
b5 9. Rd1 Nd7 10. e4 e6 11. g3 Nb6 12. Bg2 Na4 13. Rb1 Bxa3 14. bxa3 Nxc3 15.
Rc1 Rxa3 16. Nb1 Nxb1 17. Rxb1 Nxd4 18. Ne2 Nxe2 19. Kxe2 Ra2+ 20. Ke1 d4 21.
e5 Bd7 22. Bxb7 h6 23. Bc1 O-O 24. Be4 Rc8 25. Rb2 Ra1 26. Ke2 d3+ 27. Ke3 c3
28. Rb4 d2 29. Bxd2 Rxh1 30. Bxh1 cxd2 31. Kxd2 Kf8 32. Be4 Ke7 33. Rb1 g5 34.
Bd3 Rc5 35. f4 gxf4 36. gxf4 f6 37. exf6+ Kxf6 38. Ke3 Ke7 39. Rd1 Rh5 40. Rd2
b4 41. Rb2 Rh3+ 42. Ke4 Bc6+ 43. Kd4 Rf3 44. Rxb4 Rxf4+ 45. Kc5 Rxb4 46. Kxb4
Kd6 47. Kc3 Ke5 48. Kd2 Kf4 49. Ke2 e5 50. Bg6 e4 51. Bh5 e3 52. Bf7 Bf3+ 53.
Ke1 Kg4 54. Be6+ Kh4 55. Kf1 h5 56. h3 Kg3 57. Bd7 h4 58. Ke1 Bg2 0-1